The Constitution of Uganda 1962. (Record no. 204)

MARC details
000 -LEADER
fixed length control field 00940cam a2200301 a 4500
001 - CONTROL NUMBER
control field 1045062
003 - CONTROL NUMBER IDENTIFIER
control field OSt
005 - DATE AND TIME OF LATEST TRANSACTION
control field 20110722114426.0
008 - FIXED-LENGTH DATA ELEMENTS--GENERAL INFORMATION
fixed length control field 911112s1991 ug l f000 0 eng d
035 ## - SYSTEM CONTROL NUMBER
System control number (OCoLC)29284052
035 ## - SYSTEM CONTROL NUMBER
System control number (OCoLC)ocm29284052
035 ## - SYSTEM CONTROL NUMBER
System control number (CStRLIN)NYCG91-B96036
035 ## - SYSTEM CONTROL NUMBER
System control number (NNC)1045062
040 ## - CATALOGING SOURCE
Original cataloging agency NNC
Transcribing agency NNC
043 ## - GEOGRAPHIC AREA CODE
Geographic area code f-ug----
050 #4 - LIBRARY OF CONGRESS CALL NUMBER
Classification number KTW171
Item number .A31962 1962g
082 ## - DEWEY DECIMAL CLASSIFICATION NUMBER
Classification number 342.023096761 CON
110 1# - MAIN ENTRY--CORPORATE NAME
Corporate name or jurisdiction name as entry element Uganda.
9 (RLIN) 554
240 10 - UNIFORM TITLE
Uniform title <a href="Constitution (1962)">Constitution (1962)</a>
245 14 - TITLE STATEMENT
Title The Constitution of Uganda 1962.
260 ## - PUBLICATION, DISTRIBUTION, ETC. (IMPRINT)
Place of publication, distribution, etc Kampala :
Name of publisher, distributor, etc Uganda Constitutional Commission,
Date of publication, distribution, etc 1991.
300 ## - PHYSICAL DESCRIPTION
Extent 182 p. ;
Dimensions 21 cm.
610 10 - SUBJECT ADDED ENTRY--CORPORATE NAME
Corporate name or jurisdiction name as entry element Uganda.
Title of a work Constitution (1967)
9 (RLIN) 601
610 20 - SUBJECT ADDED ENTRY--CORPORATE NAME
Corporate name or jurisdiction name as entry element Uganda Constitutional Commission.
9 (RLIN) 578
942 ## - ADDED ENTRY ELEMENTS (KOHA)
Source of classification or shelving scheme Dewey Decimal Classification
Koha item type Books
Holdings
Withdrawn status Lost status Source of classification or shelving scheme Damaged status Not for loan Home library Current library Shelving location Date acquired Total Checkouts Full call number Barcode Date last seen Price effective from Koha item type
    Dewey Decimal Classification     Law Development Centre Main Library Law Development Centre Main Library Text Books and Laws 04/09/2011   342.023096761 CON 2011/2709 04/09/2011 04/09/2011 Books